Redon
Gardado en:
| Autor Principal: | |
|---|---|
| Formato: | Libro |
| Idioma: | Lingua castelá |
| Publicado: |
Buenos Aires
Viscontea
1983
|
| Edición: | 2a. ed |
| Series: | Los Grandes Pintores, 33
|
| Subjects: | |
| Tags: |
Engadir etiqueta
Sen Etiquetas, Sexa o primeiro en etiquetar este rexistro!
|
MARC
| LEADER | 00000cam a2200000 a 4500 | ||
|---|---|---|---|
| 001 | UCE0868 | ||
| 003 | CL-VaPUC | ||
| 008 | 140317e19830000ag |||||||||||||||||spa|d | ||
| 082 | 0 | 4 | |a 759.4 |b NEG |2 21 |
| 100 | |a Negri, Renata |e autora |9 302246 | ||
| 245 | 1 | 0 | |a Redon |
| 250 | |a 2a. ed | ||
| 300 | |a 16 p | ||
| 942 | |c BK | ||
| 945 | |d 20140317 10:17:00 |a cmena | ||
| 260 | |a Buenos Aires |b Viscontea |c 1983 | ||
| 600 | 0 | 7 | |a REDON, ODILON |2 CL-VaPUC |9 573243 |
| 650 | 0 | |a Pintores franceses |9 340354 | |
| 650 | 7 | |a PINTORES POSTIMPRESIONISTAS |2 CL-VaPUC |9 456270 | |
| 650 | 0 | |a Simbolismo |9 267046 | |
| 583 | |a last modification |c 20140317 10:17:00 |k Rodrigo Vera | ||
| 490 | 0 | |a Los Grandes Pintores, 33 | |
| 999 | |c 354873 |d 354871 | ||
| 952 | |0 0 |1 0 |3 erb |4 0 |6 759_400000000000000_NEG_1983 |7 0 |8 A |9 461096 |a BIBART |b BIBART |i 5004136 |l 1 |o 759.4 NEG 1983 |p 5004136 |r 2025-03-13 |s 2023-05-08 |w 2019-11-23 |y BK |z Catalogado en:20140317 |k ART | ||